| 000 | 01140cam a2200325 a 4500 | ||
|---|---|---|---|
| 001 | 2143575 | ||
| 003 | OSt | ||
| 005 | 20170105102904.0 | ||
| 008 | 980714s1999 njuabk b 001 0 eng | ||
| 010 | _a 98036329 | ||
| 020 | _a0805825991 (alk. paper) | ||
| 040 |
_aDLC _cDLC _dDLC |
||
| 043 | _an-us--- | ||
| 050 | 0 | 0 |
_aKF2750 _b.M66 1999 |
| 082 | 0 | 0 |
_a343.73099 _221 _bMOO 1999 |
| 100 | 1 | _aMoore, Roy L. | |
| 245 | 1 | 0 |
_aMass communication law and ethics / _cRoy L. Moore. |
| 250 | _a2nd ed. | ||
| 260 |
_aMahwah, N.J. : _bL. Erlbaum Associates, _c1999. |
||
| 300 |
_axvi, 678 p. : _bill., forms, map ; _c26 cm. |
||
| 440 | 0 | _aLEA's communication series | |
| 504 | _aIncludes bibliographical references and index. | ||
| 650 | 0 |
_aMass media _xLaw and legislation _zUnited States. |
|
| 650 | 0 |
_aJournalistic ethics _zUnited States. |
|
| 650 | 0 | _aLaw and ethics. | |
| 856 | 4 | 2 |
_3Publisher description _uhttp://www.loc.gov/catdir/enhancements/fy0709/98036329-d.html |
| 906 |
_a7 _bcbc _corignew _d1 _eocip _f19 _gy-gencatlg |
||
| 942 |
_2ddc _cBK |
||
| 999 |
_c14771 _d14771 |
||